000
00480nam a2200181Ia 4500
008
090123s9999 xx 000 0 und d
082
_b
42900
100
_a
हुद्दार मधुकर
245
_a
दगलबाज
250
_a
1
260
_c
2008
300
_a
247
600
_a
हुद्दार मधुकर
630
_a
दगलबाज
700
_a
हुद्दार मधुकर
730
_a
दगलबाज
942
_c
BOOK
999
_c
80977
_d
80977